| 000 | 00839nam a2200253Ia 4500 | ||
|---|---|---|---|
| 005 | 20251020182508.0 | ||
| 008 | 200515s9999 xx 000 0 und d | ||
| 020 | _a84-7741-026-7 | ||
| 082 | _a634.0.8/E24/t. 5 | ||
| 100 | _aAsensio Cerver, Francisco | ||
| 245 | 0 | _aBiblioteca Atrium de la Madera 5 : Dibujo y Diseño | |
| 260 | _aBarcelona | ||
| 260 | _bEDICIONES ATRIUM S.A. | ||
| 260 | _c1989 | ||
| 300 | _a117 p. | ||
| 300 | _btbl., fot., col. | ||
| 490 | _aColección Técnica de Bibliotecas Profesionales | ||
| 500 | _a1 ejemplar. Tomo 5 | ||
| 520 | _aExplica lo que es el dibujo en madera, los útiles que se emplean, ¿Qué es el diseño? y ¿Para qué sirve? A la vez todo el material esta completamente ilustrado y a todo color. | ||
| 650 | _aCARPINTERIA | ||
| 650 | _aDIBUJO | ||
| 942 | _cLIB | ||
| 999 |
_c1343 _d1343 |
||